Online
Catalog

Actas del concilio provincial de Santo Domingo (1622-1623) / (Record no. 26152)

MARC details
000 -CABECERA
campo de control de longitud fija 00538nam a2200157 a 4500
001 - NÚMERO DE CONTROL
campo de control 000026660
005 - FECHA Y HORA DE LA ÚLTIMA TRANSACCIÓN
campo de control 20200930030334.0
008 - DATOS DE LONGITUD FIJA--INFORMACIÓN GENERAL
campo de control de longitud fija 110324s1970 ve r 000 0 spa d
040 ## - FUENTE DE LA CATALOGACIÓN
Centro catalogador/agencia de origen DO-SdBNP
Lengua de catalogación spa
Centro/agencia transcriptor BNPHU
082 ## - NÚMERO DE LA CLASIFICACIÓN DECIMAL DEWEY
Número de clasificación xxxx
Número de documento/Ítem A447a
100 1# - ENTRADA PRINCIPAL--NOMBRE DE PERSONA
Nombre de persona Armellada, Cesareo de,
Fechas asociadas al nombre 1907-
9 (RLIN) 53788
245 10 - MENCIÓN DE TÍTULO
Título Actas del concilio provincial de Santo Domingo (1622-1623) /
Mención de responsabilidad, etc. Cesareo de Armellada.
260 ## - PUBLICACIÓN, DISTRIBUCIÓN, ETC.
Lugar de publicación, distribución, etc. Caracas :
Nombre del editor, distribuidor, etc. Instituto de Investigaciones Históricas,
Fecha de publicación, distribución, etc. 1970.
300 ## - DESCRIPCIÓN FÍSICA
Extensión 128 p. ;
Dimensiones 25 cm.
500 ## - NOTA GENERAL
Nota general Incluye notas a pie de las páginas
Holdings
Estado de retiro Estado de pérdida Restricciones de uso No para préstamo Código de colección Localización permanente Ubicación/localización actual Ubicación en estantería Fecha de adquisición Número de inventario Total de préstamos Signatura topográfica completa Código de barras Fecha visto por última vez Precio válido a partir de Tipo de ítem Koha
      Excluido de préstamo Monografías: Libros y Folletos Patrimonio Dominicano Patrimonio Dominicano Depósito 24.03.2011 LF1   xxxx A447a 26660-10 25.06.2020 25.06.2020 No se presta

Powered by Koha